| 000 | 00775nam a2200217 i 4500 | ||
|---|---|---|---|
| 005 | 20200104041531.0 | ||
| 008 | 140305s1995 ne ||||| |||| 00| 0 spa d | ||
| 040 |
_aCO-BoIAVH _cCO-BoIAVH |
||
| 041 | _aspa | ||
| 082 | 0 | 4 |
_a333.95 _bD61d2 |
| 245 | 0 | 0 |
_aDiversidad Biológica : _bdocumento de política sectorial de corporación al desarrollo |
| 260 |
_aHaag : _bMinisterio de Asuntos Exteriores, _c1995. |
||
| 300 | _a62 páginas | ||
| 490 | 0 | 0 |
_aDocumento de política sectorial de corporación al desarrollo ; _v8 |
| 650 | 1 | 4 | _aDiversidad biológica |
| 650 | 2 | 4 | _aConservación de la naturaleza |
| 650 | 2 | 4 | _aConservación del medio ambiente |
| 650 | 2 | 4 | _aEcosistemas |
| 650 | 2 | 4 | _aConservación de la vida silvestre |
| 942 |
_cLIBRO _2ddc |
||
| 999 |
_c2348 _d2348 |
||